La expedición de Humphry Clinker

Saved in:
Bibliografiske detaljer
Hovedforfatter: Smollett, Tobías (Author)
Format: Bog
Sprog:spansk
Udgivet: Barcelona Random House Mondadori 2011
Serier:Grandes Clásicos
Fag:
Tags: Tilføj Tag
Ingen Tags, Vær først til at tagge denne postø!

MARC

LEADER 00000cam a2200000 a 4500
001 UCF2668
003 CL-VaPUC
008 120830e20110000SP |||||||||||||||||spa|d
020 |a 9788439723349 
082 0 4 |a 820  |b SMO  |2 21 
100 0 |a Smollett, Tobías  |e author  |9 564400 
245 1 3 |a La expedición de Humphry Clinker 
300 |a 451 p 
942 |c BK 
945 |d 20120830 00:00:00  |a dcastane 
260 |a Barcelona  |b Random House Mondadori  |c 2011 
650 0 |a Literatura inglesa  |9 312907 
650 7 |a NOVELAS ESCOCESAS  |2 CL-VaPUC  |9 348025 
583 |a last modification  |c 20120830 10:25:00  |k Rodrigo Vera 
490 0 |a Grandes Clásicos 
999 |c 349208  |d 349206 
952 |0 0  |1 0  |4 0  |6 820_000000000000000_SMO_2011  |7 0  |8 A  |9 451711  |a BIBING  |b BIBING  |d 2019-11-22  |i 4894960  |o 820 SMO 2011  |p 4894960  |r 2025-01-20  |w 2019-11-22  |y BK  |k CUI